00344nam a2200145Ia 45000030006000000050017000060080041000230400009000640410012000730820017000851000016001022450062001182600010001803000008001900Nust20170105110252.0161124s9999 xx 000 0 und d cIGIS aEnglish a650.072bSEK aUma Sekaran aResearch Methods for Business A Skill- Building Approach aindin a450